书目信息 |
| 题名: |
贵州传统村落
|
|
| 作者: | ;贵州省住房和城乡建设厅 编 | |
| 分册: | 第一册 | |
| 出版信息: | 北京 中国建筑工业出版社 2016.01 |
|
| 页数: | 488页 | |
| 开本: | 31cm | |
| 丛书名: | ||
| 单 册: | ||
| 中图分类: | K927.35 | |
| 科图分类: | ||
| 主题词: | 村落--cun luo--介绍--贵州 | |
| 电子资源: | ||
| ISBN: | 978-7-112-18988-5 | |
| 000 | 01068nam0 2200241 450 | |
| 001 | CAL 0120161790551 | |
| 005 | 20190305090024.60 | |
| 010 | @a978-7-112-18988-5@b精装@dCNY558.00 | |
| 100 | @a20160615d2016 em y0chiy50 ea | |
| 101 | 0 | @achi |
| 102 | @aCN@b110000 | |
| 105 | @aab z 001yy | |
| 200 | 1 | @a贵州传统村落@Agui zhou chuan tong cun luo@h第一册@d= Guizhou traditional villages@hⅠ@f贵州省住房和城乡建设厅编@zeng |
| 210 | @a北京@c中国建筑工业出版社@d2016.01 | |
| 215 | @a488页@c彩图, 地图@d31cm | |
| 320 | @a有索引 | |
| 330 | @a本书全面系统地介绍贵州传统村落的数量、种类、分布、价值及其生存状态, 包括村落基本信息、村落传统建筑、村落选址和格局、村落承载的非物质文化遗产、村落人居环境现状等是认定传统村落保护名录的重要基础, 为构建科学有效的保护体系提供重要的依据。 | |
| 510 | 1 | @aGuizhou traditional villages@hⅠ@zeng |
| 606 | 0 | @a村落@Acun luo@x介绍@y贵州 |
| 690 | @aK927.35@v5 | |
| 711 | 02 | @a贵州省住房和城乡建设厅@Agui zhou sheng zhu fang he cheng xiang jian she ting@4编 |
| 801 | 0 | @aCN@c20160615 |
| 905 | @a河南城建学院图书馆@dK927.35@eG756:1@f1 | |
| 贵州传统村落.第一册= Guizhou traditional villages.Ⅰ/贵州省住房和城乡建设厅编.-北京:中国建筑工业出版社,2016.01 |
| 488页:彩图, 地图;31cm |
| ISBN 978-7-112-18988-5(精装):CNY558.00 |
| 本书全面系统地介绍贵州传统村落的数量、种类、分布、价值及其生存状态, 包括村落基本信息、村落传统建筑、村落选址和格局、村落承载的非物质文化遗产、村落人居环境现状等是认定传统村落保护名录的重要基础, 为构建科学有效的保护体系提供重要的依据。 |
| ● |
| 相关链接 |
|
|
|
正题名:贵州传统村落
索取号:K927.35/G756:1
 
预约/预借
| 序号 | 登录号 | 条形码 | 馆藏地/架位号 | 状态 | 备注 |
| 1 | 1260628 | 212606287 | 社科库309/309社科库 15排2列2层/ [索取号:K927.35/G756:1] | 在馆 | |
| 2 | 1304511 | 213045113 | 社科库309/309社科库 15排2列2层/ [索取号:K927.35/G756:1] | 在馆 |